Higher education in Tanzania (Record no. 76180)
[ view plain ]
| 000 -LEADER | |
|---|---|
| fixed length control field | 00720nam a2200169 a 4500 |
| 008 - FIXED-LENGTH DATA ELEMENTS--GENERAL INFORMATION | |
| fixed length control field | 120416s0000 ||||||||||||||||| || u |
| 020 ## - INTERNATIONAL STANDARD BOOK NUMBER | |
| International Standard Book Number | 0852554257 |
| 050 ## - LIBRARY OF CONGRESS CALL NUMBER | |
| Classification number | LC 180.T3 Mku |
| 100 ## - MAIN ENTRY--PERSONAL NAME | |
| Personal name | Mkude, Daniel |
| 245 10 - TITLE STATEMENT | |
| Title | Higher education in Tanzania |
| 246 ## - | |
| -- | a case study |
| 260 ## - PUBLICATION, DISTRIBUTION, ETC. | |
| Place of publication, distribution, etc. | Oxford |
| Name of publisher, distributor, etc. | James Currey |
| Date of publication, distribution, etc. | 2003 |
| 350 ## - | |
| -- | 0.00 |
| 700 ## - ADDED ENTRY--PERSONAL NAME | |
| Personal name | Levey, Lisbeth |
| 995 ## - | |
| -- | KAPASA MAKASA LIBRARY OPEN ACCESS |
| -- | 0.00 |
| -- | 734822 |
| -- | CBU-KAPASA MAKASA LIBRARY (Chinsali) |
| -- | 1 |
| -- | 18.95 |
| -- | LC 180.T3 Mku |
| -- | 1 |
| -- | AVAILABLE |
| -- | 40326 |
| -- | Kapasa Makasa Library Open Acess Collection |
| 995 ## - | |
| -- | ANNEX COLLECTION (Main Library) |
| -- | 0.00 |
| -- | 735746 |
| -- | CBU-MAIN LIBRARY (Kitwe) |
| -- | 2 |
| -- | 18.95 |
| -- | LC 180.T3 Mku |
| -- | 2 |
| -- | AVAILABLE |
| -- | 48591 |
| -- | Annex Low-Usage Collection |
| 999 ## - | |
| -- | 76180 |
| -- | 76180 |
| Withdrawn status | Lost status | Source of classification or shelving scheme | Damaged status | Not for loan | Permanent Location | Current Location | Shelving location | Date acquired | Total Checkouts | Full call number | Barcode | Date last seen | Copy number | Price effective from | Koha item type |
|---|---|---|---|---|---|---|---|---|---|---|---|---|---|---|---|
| CBU-MAIN LIBRARY, KITWE. | CBU-MAIN LIBRARY, KITWE. | 04/25/2023 | LC 180.T3 Mku | 48591 | 04/25/2023 | 2 | 04/25/2023 | MONOGRAPH |